000
00279nam a22001217a 4500
020
_a
0-7100-8560-5
082
_a
356.03 PAR'E
100
_a
PARKINSON, ROGER
_9
75988
245
_a
ENCYCLOPEDIA OF MODERN WAR
260
_a
LONDON
_b
ROUTLEDGE
_c
1977
300
_a
226P
942
_c
BK
999
_c
581392
_d
581392